Nemzetiségi éttermek működtetése Magyarországon és Oroszországban, azok gazdasági elemzése és összehasonlítása

Bibliográfiai részletek
Szerző: Belyaeva Ekaterina
További közreműködők: Verebes Dr. Pál
Dokumentumtípus: Diplomadolgozat
Kulcsszavak:Magyar vendéglátás
Gazdasági elemzés
Orosz vendéglátás
Éttermek árelemzése
Nemzeti konyhák jellemzései
Online Access:http://dolgozattar.uni-bge.hu/1891

MARC

LEADER 00000nta a2200000 i 4500
001 dolg1891
005 20180227111606.0
008 150429suuuu hu om 000 hun d
040 |a BGE Dolgozattár Repozitórium  |b hun 
041 |a hu 
100 1 |a Belyaeva Ekaterina 
245 1 0 |a Nemzetiségi éttermek működtetése Magyarországon és Oroszországban, azok gazdasági elemzése és összehasonlítása  |c Belyaeva Ekaterina  |h [elektronikus dokumentum] 
246 1 1 |a Nemzetiségi éttermek működtetése Magyarországon és Oroszországban, azok gazdasági elemzése és összehasonlítása 
695 |a Magyar vendéglátás 
695 |a Gazdasági elemzés 
695 |a Orosz vendéglátás 
695 |a Éttermek árelemzése 
695 |a Nemzeti konyhák jellemzései 
700 1 |a Verebes Dr. Pál  |e ths 
856 4 0 |u http://dolgozattar.uni-bge.hu/1891/7/szakdoga%20k%C3%A9sz_Belyaeva%20E_2015_MA.pdf  |z Dokumentum-elérés